Catálogo
 En Linea

Cuestión de límites con Haití : (Registro nro. 32163)

Detalles MARC
000 -CABECERA
campo de control de longitud fija 00577nam a2200157 a 4500
001 - NÚMERO DE CONTROL
campo de control 000032672
005 - FECHA Y HORA DE LA ÚLTIMA TRANSACCIÓN
campo de control 20240228191604.0
008 - DATOS DE LONGITUD FIJA--INFORMACIÓN GENERAL
campo de control de longitud fija 110725s1896 dr r 000 0 spa d
040 ## - FUENTE DE LA CATALOGACIÓN
Centro catalogador/agencia de origen DO-SdBNP
Lengua de catalogación spa
Centro/agencia transcriptor BNPHU
082 ## - NÚMERO DE LA CLASIFICACIÓN DECIMAL DEWEY
Número de clasificación xxxx
Número de documento/Ítem Ll791c
100 1# - ENTRADA PRINCIPAL--NOMBRE DE PERSONA
Nombre de persona Llenas, Alejandro,
Fechas asociadas al nombre 1844-1902
9 (RLIN) 169
245 10 - MENCIÓN DE TÍTULO
Título Cuestión de límites con Haití :
Resto del título el artículo 4 del trabajo de 1874 ante el derecho público internacional /
Mención de responsabilidad, etc. Alejandro Llenas.
260 ## - PUBLICACIÓN, DISTRIBUCIÓN, ETC.
Lugar de publicación, distribución, etc. Santo Domingo :
Nombre del editor, distribuidor, etc. Imprenta Cuna de América de J. R. Roques,
Fecha de publicación, distribución, etc. 1896.
300 ## - DESCRIPCIÓN FÍSICA
Extensión 27 p. ;
Dimensiones 23 cm.
590 ## - NOTA LOCAL (RLIN)
Nota local Inventariado, 2018/ YL
Existencias
Estado de retiro Estado de pérdida Restricciones de uso No para préstamo Código de colección Localización permanente Ubicación/localización actual Ubicación en estantería Fecha de adquisición Número de inventario Total de préstamos Signatura topográfica completa Código de barras Fecha visto por última vez Precio válido a partir de Tipo de ítem Koha
      Excluido de préstamo Raros y valiosos Patrimonio Dominicano Patrimonio Dominicano En catalogación 25.07.2011 LF1   xxxx Ll791c 32672-10 25.06.2020 25.06.2020 No se presta

Con tecnología Koha